000 00468nam a2200169Ia 4500
001 11422
005 20260306162827.0
008 260306t9999||||xx |||||||||||||| ||spa||
041 _aESP
082 _a985.04
_bR78
100 _aRojas Rojas, Rolando
_eAUT
245 0 _aLa república imaginada :
_brepresentaciones culturales y discursos políticos en la época de la independencia
300 _a
_c
650 _aGEN
654 _aCHU
942 _cLIB
_dJUS
_fJUS
_2ddc
_n
999 _c11422
_d11422